000 01288cam a22003617a 4500
003 CHAP
005 20220329141614.0
008 971013s1959 r 00010 d
010 _a70895
011 _a71867
035 _a81421
040 _cCHAP
090 _aTesis
100 0 0 _aBallesteros Porta, Juan.
_99731
245 0 _aAnálisis económico de los ejidos de Huexotla y San Martín Netzahualcoyotl, Méx. Chapingo, Méx.
260 _aChapingo, Méx. :
_bEl autor,
_c1959
300 _a55 h.
_b: ilus.
502 _aTesis (Ing. Agr. Esp. en Economía Agrícola) -- ENA. Departamento de Economía
590 _aALEPH
_b10
_c20130110
_lUCH01
_h1410
590 _aBATCH-UPD
_b10
_c20130110
_lUCH01
_h0811
590 _aBATCH-UPD
_b10
_c20130409
_lUCH01
_h2127
590 _aBATCH-UPD
_b10
_c20130410
_lUCH01
_h0448
590 _aBATCH-UPD
_b10
_c20130913
_lUCH01
_h2136
590 _aCONVERSION
_b10
_c20130109
_lUCH01
_h1339
650 1 4 _aAgricultura cooperativa
_xMéxico (Edo.)
_91976
650 1 4 _aAgricultura
_xAspectos economicos
_xMexico (Edo.)
_91272
650 1 4 _aEjidos
_xMéxico (Edo.)
_936020
901 _aBK
942 _cFOLL
949 _bBC
_cTES
_d-34756
_eTS1
_i81421
_si
949 _bBC
_cTES
_d-34757
_eTS2
_fc.2
_i81421
_si
949 _bBC
_cTES
_d-34760
_eTS2
_fc.3
_i81421
_si
999 _c70895
_d70895